Incrementando la presencia comercial de América Latina (Registro nro. 23208)

Detalles MARC
000 -LEADER
fixed length control field 00351 a2200109 4500
001 - CONTROL NUMBER
control field ART_10697
005 - DATE AND TIME OF LATEST TRANSACTION
control field 20260410161831.0
008 - FIXED-LENGTH DATA ELEMENTS--GENERAL INFORMATION
fixed length control field 260409a
100 1# - MAIN ENTRY--PERSONAL NAME
Personal name Jacobo, Alejandro D.
245 10 - TITLE STATEMENT
Title Incrementando la presencia comercial de América Latina
773 0# - HOST ITEM ENTRY
Title Actualidad Económica
Related parts - Año XV, Nº 56 (ene./jul. 2005)
Record control number REV5083

No hay ítems disponibles.